| 000 | 00422nam a2200145Ia 4500 | ||
|---|---|---|---|
| 008 | 210430s9999 xx 000 0 und d | ||
| 020 | _a81-239-0544-0 | ||
| 082 | _a660 R548 R | ||
| 100 |
_aEdited by James A Kent _9127589 |
||
| 245 |
_aRiegel,s Handbook of Industrial Chemistry / _cJames A Kent |
||
| 250 | _a9th edition | ||
| 260 |
_aIndia _bCBS Publishers & Distributors _c1997 |
||
| 300 | _a1288p. | ||
| 942 |
_cBK _2ddc |
||
| 999 |
_c564510 _d564510 |
||